000 00524nam a22002057a 4500
003 OSt
005 20170328142438.0
008 170328b xxu||||| |||| 00| 0 eng d
020 _a9788122411690
020 _a812241169X
040 _cDMLN
082 _aQV746 S44p 2010
100 _aSambamurthy, K.
_911987
245 _aPharmaceutical Engineering
260 _aNew Delhi; New Age, 1998
300 _ax,487p; ill: 25cm
504 _aIndex included
650 _aPharmaceutical Engineering
_911988
942 _2z
_cSLOAN
999 _c5764
_d5764